La familia y sus valores formativos (Registro nro. 107232)

Detalles MARC
000 -LEADER
campo de control de longitud fija 00633nam a2200181 4500
001 - NÚMERO DE CONTROL
campo de control 107232
003 - IDENTIFICADOR DE NÚMERO DE CONTROL
campo de control ES-MaACL
005 - FECHA Y HORA DE LA ÚLTIMA TRANSACCIÓN
campo de control 20230906184354.0
007 - CAMPO FIJO DE DESCRIPCIÓN FÍSICA--INFORMACIÓN GENERAL
campo de control de longitud fija t|
008 - DATOS DE LONGITUD FIJA--INFORMACIÓN GENERAL
campo de control de longitud fija 061121s1969 sp r ||||1| spa d
100 1# - ENTRADA PRINCIPAL--NOMBRE DE PERSONA
Nombre de persona Moritz, Hans.
9 (RLIN) 83584
245 13 - MENCIÓN DEL TÍTULO
Título La familia y sus valores formativos
Resto del título : problemática futura a partir de la situación presente /
Mención de responsabilidad, etc. Hans Moritz; versión de Juan Godó; revisada por F. Fernández Turienzo.
260 ## - PUBLICACIÓN, DISTRIBUCIÓN, ETC.
Lugar de publicación, distribución, etc. Barcelona :
Nombre del editor, distribuidor, etc. Herder,
Fecha de publicación, distribución, etc. 1969.
300 ## - DESCRIPCIÓN FÍSICA
Extensión 208 p. ;
Dimensiones 20 cm.
700 1# - ENTRADA AGREGADA--NOMBRE PERSONAL
Nombre de persona Godo Costa, Juan.
9 (RLIN) 57532
700 1# - ENTRADA AGREGADA--NOMBRE PERSONAL
Nombre de persona Fernández Turienzo, F.
9 (RLIN) 50127
852 ## - LOCALIZACIÓN
Ubicación ES-MaACL
Número de control de estantería C-35606
Sublocalización o colección R.68757
Existencias
Estatus retirado Estado de pérdida Estado de daño No para préstamo Biblioteca de origen Biblioteca actual Ubicación en estantería Fecha de adquisición Fuente de adquisición Total de préstamos Signatura topográfica completa Código de barras Visto por última vez Precio de reemplazo Tipo de ítem Koha
        Biblioteca del Ateneo de Madrid Biblioteca del Ateneo de Madrid Depósito 2 17/01/2008     C-35606 1111920 23/02/2023 23/02/2023 Libro impreso